000 00876cam a22002891 4500
001 33793
005 20230410132941.0
008 841010s1971 ag b 000 0 spa
035 _9(DLC) 72316197
035 _a8514040
010 _a72316197
015 _aLACAP71-4626
035 _a(OCoLC)11248217
040 _aDLC
_cWU
_dDLC
042 _apremarc
050 1 4 _aB 2949
_bG216h 1971
100 1 _aGarcía Barceló, Abel M.
_q(Abel M.)
245 1 0 _aHegel y la dialéctica científica de Marx /
_cAbel García Barceló.
260 _a[Buenos Aires] :
_bEdiciones "Centro de Estudios",
_c[1971]
300 _a126 p.
_c20 cm.
504 _aIncludes bibliographical references.
600 1 0 _aHegel, Georg Wilhelm Friedrich,
_d1770-1831.
600 1 0 _aMarx, Karl,
_d1818-1883.
650 0 _aDialectic.
942 _2lcc
_cbk
985 _eOCLC REPLACEMENT cdsdistr
999 _c90750
_d90750